000 00427nam a2200181Ia 4500
001 3618
005 20260306145656.0
008 260306t1996||||xx |||||||||||||| ||spa||
041 _aESP
082 _a300.1
_bH411
100 _aHabermas, Jurgen
_eAUT
245 0 _aLa lógica de las ciencias sociales
260 _c1996
300 _a506 páginas :
_c21 cm.
650 _aGEN
654 _aCHU
942 _cLIB
_dJUS
_fJUS
_2ddc
_n
999 _c3618
_d3618